[Event "Bundesliga 0506"]
[Site "Germany"]
[Date "2005.12.11"]
[Round "6.6"]
[White "Kalinitschew, Sergey"]
[Black "Van den Doel, Erik"]
[Result "0-1"]
[WhiteElo "2491"]
[BlackElo "2582"]
[Annotator "Gofshtein,L"]
[PlyCount "64"]
[EventDate "2005.10.21"]
[EventType "team-tourn"]
[EventRounds "15"]
[EventCountry "GER"]
[SourceTitle "CBM 111"]
[Source "ChessBase"]
[SourceDate "2006.04.04"]
[SourceVersion "1"]
[SourceVersionDate "2006.04.04"]
[SourceQuality "1"]
[WhiteTeam "Kreuzberg"]
[BlackTeam "Porz"]
[WhiteTeamCountry "GER"]
[BlackTeamCountry "GER"]

1. d4 Nf6 2. c4 e6 3. Nc3 Bb4 4. Qc2 Nc6 {A rare move, leading to an
interesting struggle. This position can also arise from a 1.d4 Nf6 2.c4 Nc6
variation} 5. Nf3 d6 6. Bg5 (6. a3 {is another line, forcing an exchange of
the black bishop, though White usually prefers to recapture on c3 with the
bishop} Bxc3+ 7. Qxc3 a5 (7... Qe7 {deserves attention} 8. g3 O-O 9. Bg2 e5 10.
d5 Nb8 11. b3 c6 {is unclear, Pelletier,Y - Alterman,B Dresden 1998}) 8. b3 Qe7
9. Bb2 O-O 10. e3 Re8 11. Be2 e5 12. d5 Nb8 13. Nd2 {Prokopchuk,E-Vlassov,N/
Russian Club Cup, Maikop RUS 1998/1/2-1/2 (81) arises a typical position for
this line, where White is a little better.}) (6. Bd2 {is another possible move,
in the famous game Bareev,E - Timman,J Corus 2004 White was able to get a
slight edge after} O-O 7. a3 Bxc3 8. Bxc3 Re8 9. Rd1 Qe7 10. b4 e5 11. d5 Nb8
12. e4 Bg4 13. Be2 $14 {although he lost after an interesting game}) 6... h6 (
6... Bxc3+ 7. Qxc3 Ne4 8. Bxd8 Nxc3 9. Bxc7 Ne4 10. c5 dxc5 11. dxc5 Nxc5 12.
Rc1 {with a clear edge for White in the endgame, Ivanov,S - Balberov,A
Smolensk 2000 1-0(38)}) 7. Bd2 (7. Bxf6 {Giving the bishop up is not a way to
fight for advantage, Black doesn't have any problem to equalise:} Qxf6 8. a3
Bxc3+ 9. Qxc3 e5 10. dxe5 dxe5 11. e3 Bg4 12. Be2 O-O-O {0-1 Claassen,
J-Rashkovsky,N/Oberwart 2002/CBM 089 ext (26) and Black is totally fine.}) (7.
Bh4 $2 {obviously not here, since after} g5 8. Bg3 g4 {white loses a pawn})
7... e5 {Black wishes to leave the e7 square for his knight, it was also
possible to play Qe7 and after d4-d5 to retreat with the knight to b8.} (7...
Qe7 8. a3 Bxc3 9. Bxc3 a5 10. e4 e5 {allowing white to play e4-e5 is highly
unpleasent for black} 11. d5 Nb8 12. b4 axb4 13. axb4 Rxa1+ 14. Bxa1 {with a
more comfortable game for white, Shariyazdanov,A - Horvath,T Izmir 2004 1-0(54)
}) 8. d5 Bxc3 9. Bxc3 Ne7 10. e4 {This is a typical position for this line, it
reminds of a King's Indian defense but without the black dark-squared bishop}
O-O (10... Nh5 {is also possible, preparing an immedeate f7-f5:} 11. g3 f5 12.
exf5 Bxf5 13. Bd3 Bxd3 14. Qxd3 O-O 15. Qe2 Qe8 {and Black seems to be fine
here 0-1 Flear,G-Bologan,V/Belfort 2004/EXT 2005 (30)}) 11. Nh4 {White
prepares to stop Black's agression, with f7-f5.} (11. Bd3 Nh5 12. O-O Nf4 {
and Black can't complain here.}) 11... Ne8 {[%cal Gd8h4] threatening to take
on d5} (11... Nh5 {looks like a better spot for the knight, White would have
probably continued as in the game.} 12. g3 f5 13. f3 {when black can simply
transpose to the game, with} (13. exf5 Nxf5 14. Nxf5 Bxf5 {with a serious
initiative for black}) 13... fxe4 (13... f4 14. g4 Nxd5 $2 {doesn't work in
view of} 15. Ng2 $1 Nxc3 16. gxh5 {and Black loses a piece}) 14. fxe4 Nf6 {
with a fine position.}) 12. g3 {White protects the knight.} f5 13. f3 fxe4 14.
fxe4 Nf6 15. h3 (15. O-O-O Ng4 16. Re1 Rf2 17. Qb3 a5 {leads to a complicated
game.}) (15. Be2 $5 {deserved attention, planning h2-h3 and preventing Black
from playing Nh5.}) 15... Nh5 {Black harrasses White's kingside, using the
fact that in case white plays g3-g4 the black knight would be very strong on
f4.} 16. Qh2 c6 17. Be2 Nf6 (17... Qe8 {was also possible, not fearing 18.c5.}
18. O-O-O (18. c5 $6 cxd5 (18... dxc5 $2 19. d6 $1) 19. cxd6 Nc6 20. exd5 Nd4 {
with a strong intiative}) 18... Nf6 19. Bd3 b5 $5 {leads to complications} (
19... cxd5 20. cxd5 Bd7 {[%cal Gd7b5]} 21. Qe2 Rc8 22. Kb1 {is slightly better
for White}) 20. c5 dxc5 (20... b4 $5 {deserves attention, further complicating
the situation}) 21. d6 Ng6 22. Nxg6 Qxg6 23. Bxe5 Be6 24. Kb1 Nd7 25. Bf4 Qf7 {
with strong counterplay for Black.}) 18. Bd3 Qb6 {Taking control of the a7-g1
diagonal, the drawback of this move is that Black blocks his b-pawn, which
could blow up the white centre.} 19. Qe2 (19. O-O-O $2 {is strongly met by}
Nxe4 $1 (19... Qe3+ $6 20. Rd2 Nxe4 21. Ng2 Qf3 22. Ne1 Qe3 23. Ng2 {and White
forces a draw}) 20. Bxe4 Qe3+ 21. Qd2 Qxe4 $17) 19... Nh7 20. Nf3 {Covering
the g5 square, the position is pretty balanced.} cxd5 21. cxd5 Bd7 {Finishing
the development and connecting rooks.} 22. O-O-O {White finds a shelter for
his king on the queenside.} Rac8 {Now Black threatens to play ...Ng5 and
penetrate to the second rank with the rook, in case White captures the knight.}
23. Rdf1 {Defending against the threat.} a6 $1 {A strong move, preparing the
exchange of the light-squared bishops with ...Bb5.} 24. Rh2 $2 {Weakens the
first rank, what would be clear in a few moves.} (24. Nd2 {kept the balance}
Rxf1+ 25. Nxf1 Bb5 (25... Rf8 26. Ne3) 26. Nd2 Nf6 27. Rf1 {with approximate
equality.}) 24... Rf7 25. Nd2 Rxf1+ 26. Nxf1 Bb5 {Black has gained an
advantage, his pieces are more harmonically placed and the white pawn on e4 is
weak and needs constant attention.} 27. Ne3 $2 {A serious mistake, White has
probaly missed black's 29th move.} ({It was better to admit the mistake and
return with the rook:} 27. Rh1 {in order to cover the g1 square} Nf6 28. Nd2
Nh5 (28... Bxd3 29. Qxd3 Qd4 30. Qf3 {and White is ok}) 29. Qxh5 (29. Nf1 Bxd3
30. Qxd3 Qf2 $17) 29... Bxd3 {with advantage for Black, though White is still
in the game.}) 27... Nf6 {[%csl Re4] Now the pawn on e4 falls.} 28. Nd1 Bxd3
29. Qxd3 Qd4 $1 30. Rd2 Qxe4 31. Ne3 b5 32. a3 Qf3 0-1

[Event "EU-ch 4th"]
[Site "Istanbul"]
[Date "2003.05.31"]
[Round "2"]
[White "Kacheishvili, Giorgi"]
[Black "Mastrovasilis, Athanasios"]
[Result "1-0"]
[WhiteElo "2592"]
[BlackElo "2487"]
[Annotator "Golod,V"]
[PlyCount "65"]
[EventDate "2003.05.30"]
[EventType "swiss"]
[EventRounds "13"]
[EventCountry "TUR"]
[SourceTitle "CBM 096"]
[Source "ChessBase"]
[SourceDate "2003.09.25"]
[SourceVersion "1"]
[SourceVersionDate "2003.09.25"]
[SourceQuality "1"]

1. d4 Nf6 2. c4 e6 3. Nc3 Bb4 4. Qc2 Nc6 5. Nf3 d6 6. a3 Bxc3+ 7. Qxc3 O-O ({
Besides Black has two main alternatives:} 7... Qe7 $5 {You can see my comments
to Mrva,M-Blatny,P/Krynica,1998/CBM 67(1-0)(46)}) ({and} 7... a5 $5) 8. Bg5 $5
({Also repeatedly were checked up in previous games:} 8. g3 $5) (8. e3) ({and} 
8. b4 {(The most testing move). See comments to Volkov,S-Bologan,V/Kstovo,1997/
CBM 59(1-0)(Stohl,I)(61)}) 8... h6 {Also were checked up in previous games: 8..
.Re8; 8...Qe7 and 8...a5!?} 9. Bh4 g5 $5 ({On:} 9... Re8 {you can find three
games in Mega Database 2003.}) 10. Bg3 Ne4 11. Qc2 f5 12. e3 Qf6 ({Hardly is
better:} 12... a5 13. b3 (13. Bd3 Nxg3 14. hxg3 {+/=/=}) 13... Qf6 14. O-O-O
Kg7 15. Bd3 Nxg3 16. hxg3 e5 17. dxe5 dxe5 $11 {Taskovits,I-Berkes,F/Szekszard,
1998(1-0)(48)}) 13. c5 $5 {Differently,Black quietly will finish development
and will receive convenient game:} (13. Bd3 $6 {Stohl,I} Nxg3 14. hxg3 e5 $36 {
()}) ({Also deserves attention:} 13. O-O-O $5 e5 14. dxe5 dxe5 15. c5 $1 {
You can see comments to Hertneck,G-Titov,G/Moscow,1994/CBM 45(1-0)(Stohl,I)(54)
}) (13. d5 $143 Nd8 $11 {1/2-1/2 Hulak,K-Dizdar,G/Slavonski Brod,1995(13)})
13... h5 $5 $146 {[%csl Rg3][%cal Gh5h4]} ({Were checked in the preceding game:
} 13... dxc5 $6 14. dxc5 (14. Bxc7 $143 cxd4 15. Nxd4 Rf7 $1 $11 {[%csl Rc7]} (
15... Nxd4 $6 16. exd4 Qxd4 17. Rd1 $36)) 14... e5 (14... Nxg3 $5 15. hxg3 g4 (
15... e5 16. Bb5 $14) 16. Nd4 $14 {[%csl Rh6]}) 15. Bb5 Nxg3 16. hxg3 Be6 17.
Bxc6 bxc6 18. Qc3 e4 19. Qxf6 Rxf6 20. Nd4 $14 {Karr,J-Bricard,E/Meribel,1998
(1/2-1/2)(58)}) 14. cxd6 cxd6 15. h4 g4 ({Badly:} 15... Nxg3 $2 {because of:}
16. hxg5 Qg6 17. fxg3 $16) 16. Nd2 {For White it is certainly favourable to
exchange NN.} ({It was very interestingly:} 16. Bh2 $5 {[%csl Re4]} Qd8 {
[%csl Rh4][%cal Ye4f6]} (16... gxf3 $6 17. gxf3 {[%csl Re4]} Qxh4 $2 18. fxe4 {
[%csl Rd6][%cal Gh1g1]}) 17. Ng5 {[%csl Rd6]} (17. Nd2 $143 Qxh4 18. Nxe4 fxe4
19. Rc1 Bd7 $13 {[%csl Rf2]}) 17... Qa5+ 18. Ke2 $14) 16... Nxd2 $6 ({Can be
recommended:} 16... Nxg3 $5 17. fxg3 Qh6 (17... Bd7 $5 18. Qb3 Rab8 19. Bd3 $11
) 18. Qd3 (18. Kf2 e5 {[%cal Gf5f4]}) 18... b5 $1 $11 {[%csl Re3]}) 17. Qxd2 e5
{[%csl Rg3][%cal Gf5f4]} 18. d5 $5 ({Leads to equality:} 18. Bc4+ Kg7 19. d5 f4
(19... Ne7 $6 20. f4 $1 $14) 20. dxc6 fxg3 21. fxg3 bxc6 $11) 18... f4 $5 ({
Leads to benefit of the White:} 18... Ne7 19. f4 $1 gxf3 20. gxf3 f4 21. exf4
exf4 22. Bf2 $14) 19. dxc6 ({Pretty dubiously:} 19. Bh2 $6 {in view of:} fxe3
20. fxe3 $140 (20. Qxe3 Nd4 $36) 20... Na5 $1 $15 {[%csl Rb3][%cal Ga5b3]} 21.
Qxa5 $140 $2 Qf2+ 22. Kd1 g3 $1 {[%cal Gc8g4]} 23. Be2 gxh2 $17 {[%csl Rd1,Gf2]
}) 19... fxg3 20. Bc4+ Be6 $6 {Can it was not necessary to hasten with this
exchange of the bishops.} (20... Kg7 $5 21. fxg3 bxc6 {[%cal Gd6d5]} 22. Rf1
Qg6 23. Rxf8 Kxf8 24. Rd1 Ke7 (24... d5 $2 25. Bxd5 cxd5 $140 $2 26. Qxd5 Rb8
27. Qd8+ {[%csl Rb8][%cal Gd8c7]} Qe8 28. Qd6+ {[%csl Rb8,Rf8]}) 25. Qa5 Bd7
$13) 21. Bxe6+ Qxe6 22. fxg3 (22. cxb7 $2 gxf2+ 23. Qxf2 Rab8 $15) 22... bxc6
23. e4 {[%csl Rg8,Rh5][%cal Gd2g5]} Qg6 24. O-O-O {[%csl Yc1,Rg8] Position of
White more preferably at the expense of the location of the his king.} Rf6 ({
Too passively,but reliably:} 24... Rad8 25. Rhf1 $140 Rf6 {[%csl Rd6,Yd8,Yf6,
Yg6]}) 25. Qc2 Rc8 ({Is a possible continuations of the play:} 25... Rd8 {
[%cal Gd6d5]} 26. Rhe1 (26. Qxc6 $2 d5 {[%csl Rc1,Rc6]}) 26... Qe8) ({or} 25...
c5 {/\Raf8}) 26. Kb1 {+/=/=} Qf7 27. Rd2 Rf1+ $2 {The strange decision,
probably connected to the strategical miscalculation.} ({It was necessary:} 
27... Kh7 $5 28. Rhd1 Qc7 29. Rd3 Rd8 {+/=/=}) 28. Rxf1 Qxf1+ 29. Rd1 $16 {
[%csl Rd6]} Qf8 ({I do not think that it was much better:} 29... Qf6 30. Qb3+ {
[%csl Ra7,Rc6,Rc8][%cal Gb3b7]}) 30. Qc4+ ({Also good enough:} 30. Qd2 $5 {
[%csl Rd6,Rg5][%cal Gd2d6,Gd2g5]}) 30... Kg7 31. Rf1 {Black can not
simultaneously protect all weaknesses.} Qe7 $2 {It's,already decisive mistake.}
({More stubborn resistance after:} 31... Qe8 {[%cal Ye8h5]} 32. Rf5 Rc7 33.
Rg5+ Kh7 34. Qf1 $16 {[%csl Rh5,Rh7][%cal Gf1f5]}) 32. Rf5 {[%csl Rh5]} c5 (
32... Qe8 $144 33. Rg5+ Kh7 34. Qf1 {[%cal Gf1f5]} Rc7 35. Qf5+ Kh6 36. Qf6+
Kh7 37. Qxd6 $18) 33. Rg5+ $1 ({The rest is the matter of technics:} 33. Rg5+
Kh7 (33... Kf8 34. Qg8#) (33... Kf6 34. Qf1+ Ke6 35. Qf5#) (33... Kh6 34. Qc1 {
[%csl Gc1,Re7,Rh6][%cal Gg5e5]}) 34. Rxh5+ Kg6 35. Rg5+) 1-0

[Event "Corus"]
[Site "Wijk aan Zee"]
[Date "2004.01.20"]
[Round "9"]
[White "Bareev, Evgeny"]
[Black "Timman, Jan H"]
[Result "0-1"]
[WhiteElo "2714"]
[BlackElo "2578"]
[Annotator "Golod,V"]
[PlyCount "80"]
[EventDate "2004.01.10"]
[EventType "tourn"]
[EventRounds "13"]
[EventCountry "NED"]
[EventCategory "19"]
[SourceTitle "CBM 099"]
[Source "ChessBase"]
[SourceDate "2004.03.30"]
[SourceVersion "1"]
[SourceVersionDate "2004.03.30"]
[SourceQuality "1"]

1. d4 Nf6 2. c4 e6 3. Nc3 Bb4 4. Qc2 Nc6 5. Nf3 d6 6. Bd2 {Besides White has
two main alternatives:} (6. Bg5 $5 {You can see my comments to Milov,
V-Yermolinsky,A/Moscow,2001/CBM 86(1-0)(38)}) ({and} 6. a3 $5 {You can see my
annotations to game: Kacheishvili,G-Mastrovasilis,A/Istanbul,2003/CBM 96(1-0)
(33)}) 6... O-O ({Is a possible continuation of the play:} 6... a5 {See
comments to Bareev,E-Gulko,B/New Delhi,2000/CBM 81(1-0)(Golod,V)(32)}) 7. a3
Bxc3 8. Bxc3 Re8 ({Also repeatedly were checked up in previous games:} 8... a5
$5) ({and} 8... Qe7 $5 {You can see comments to Ruzele,D-Ostojic,N/Budapest,
1996/CBM 56(1/2-1/2)(Kantsler,B)(34)}) 9. Rd1 $5 {[%csl Gd1,Rd8]} (9. e3 $5 {
You can see annotations to Lautier,J-Piket,J/Groningen,1995/CBM 51(1/2-1/2)
(Dautov,R)(42)}) ({Also were checked in the preceding games:} 9. g3 {; 9.b4; 9.
e4 and 9.0-0-0}) 9... Qe7 10. b4 $5 $146 {[%cal Gb4b5,Ye2e4] This continuation
is the next attempt of Evgeny Bareev to bring in a "new word " in theory of
Nimzo Indian.} ({On:} 10. g3 {you can find four games in Mega DataBase 2004}) (
{Once were checked in the preceding game:} 10. d5 $5) ({Also it deserves
attention:} 10. e3 {You can see comments to game: Alterman,B-Kosashvili,Y/
Rishon Le Ziyyon,1996/CBM 53(1-0)(Alterman,B)(46)}) 10... e5 {It's the most
logical reaction to the previous move of White.} 11. d5 ({Leads to equal game:
} 11. dxe5 $6 Nxe5 (11... dxe5 $2 12. b5 e4 13. bxc6 exf3 14. gxf3 Qxa3 15. Rg1
$14 {[%csl Gc3,Gg1,Rg8]}) 12. Nxe5 dxe5 13. e3 a5 {[%csl Ga3,Gb4]}) 11... Nb8
12. e4 {Results of a opening: White has a obvious positional advantage at the
expense of best pawns chain and presence of two bishops.} Bg4 ({Hardly it was
better:} 12... a5 13. Be2 axb4 14. axb4 Bd7 {[%csl Rc2,Rd1][%cal Gd7a4]} 15.
Rc1 $14) 13. Be2 Nbd7 14. Nh4 ({Can it was better to include the following
move:} 14. h3 Bh5 (14... Bxf3 $143 15. Bxf3 {[%csl Yc3,Gf3]}) 15. Nh4 Bxe2 16.
Nf5 Qf8 17. Qxe2 g6 18. Ng3 $14) 14... Bxe2 15. Nf5 $1 ({After:} 15. Qxe2 {
Black has an additional opportunity:} Nxd5 $5 16. Nf5 $140 {[%csl Rd5,Re7,Rg8]
[%cal Gf5e7]} Nxc3 $8 17. Nxe7+ Rxe7 {[%csl Rd1,Re2]} 18. Qd3 Nxd1 19. Qxd1 (
19. Kxd1 $143 a5 $132 {[%csl Ga8,Rd1]}) 19... a5 20. O-O $14) 15... Qf8 16.
Kxe2 {The rather strange decision.In my opinion,it was better:} (16. Qxe2 {
[%cal Ye2h5]} g6 17. Ng3 $14) 16... Nh5 {[%csl Rf4][%cal Gh5f4,Gg7g6]} 17. Bd2
(17. Rhe1 $5 {[%cal Ye2f1]}) 17... Nf4+ 18. Kf1 ({Leads to unnecessary
complications:} 18. Bxf4 $6 exf4 19. Rhe1 Ne5 {[%cal Gg7g6]}) 18... g6 19. Ne3
{[%cal Gg2g3]} c5 $5 {Thus Jan Timman prevent a immediate pressure of White in
queen side.} 20. g3 ({Leads to benefit of the contender:} 20. dxc6 bxc6 21. g3
Ne6 {[%csl Rd4]} 22. Bc3 {[%csl Rd6][%cal Yf1g2]} c5 $1 {[%csl Rd4][%cal Ge6d4]
+/=/=}) 20... Nh5 21. Kg2 $14 Qe7 22. Rb1 {Can it was not necessary to spend
tempo for this move.} (22. h3 $5 {/\Ng4} Ng7 23. Rhf1 Rf8 24. Rde1 f5 $140 25.
f4 $14 {[%csl Ge4,Ye5,Re7,Gf4,Yf5]}) 22... Rf8 {Black's plan is: Ng7 and f5.}
23. f3 Kh8 (23... Ng7 $142 {[%cal Gf7f5]} 24. bxc5 $140 $6 Nxc5 25. Bb4 Rac8
$11) 24. Qd3 ({Can be recommended:} 24. Rhf1 $5 Ng7 $140 25. Rbe1 Rae8 (25...
f5 $143 26. exf5 Nxf5 (26... gxf5 27. f4 $14) 27. Nxf5 Rxf5 28. f4 $14) 26. Bc3
$14) 24... Ng7 25. Nd1 {From my point of view,this continuation is much better,
than:} (25. Rhf1 f5 26. Rbe1 {[%cal Gf3f4]} f4 $1 27. Ng4 Nh5 $13) 25... f5 26.
Nf2 Rf7 27. exf5 gxf5 {[%csl Ye5,Yf5]} 28. Rhe1 Rg8 {<->g; עg2} 29. f4 {
[%csl Rh8][%cal Gd2c3]} Nh5 $2 (29... e4 $5 30. Qe3 h6 {[%cal Yh8h7]} 31. Bc3
Kh7 $14) 30. Qf3 $6 {White did not use discrepancy of the contender.} (30. bxc5
$1 {[%csl Rb7]} Qh4 $6 (30... Nxc5 $142 31. Qc3 {[%csl Re5,Rh8]} Re8 32. Be3
$16) 31. cxd6 Rfg7 (31... Nxf4+ 32. Bxf4 exf4 33. Re8 $1 $18 {[%csl Ge8,Yg8,
Rh4]}) (31... exf4 32. Bc3+ Ndf6 33. Qd4 {[%csl Rh4]} f3+ (33... Rfg7 34. Re7
f3+ 35. Kxf3 Qxh2 36. Rbxb7 $1 $18) 34. Kxf3 Qxh2 35. Re7 Rxg3+ 36. Ke2 Rxc3
37. Qxc3 Nf4+ 38. Kd1 Qxf2 39. d7 $1 $18 {[%csl Gd7,Rh8][%cal Gd7d8]}) 32. Nh1
$1 {[%csl Yh1]} exf4 (32... Nxf4+ 33. Bxf4 exf4 (33... Qxf4 34. Rxb7 e4 35. Qd4
Qxd6 36. Rxa7 $18) 34. Qc3 fxg3 35. hxg3 Nf6 36. Re6 Nh5 $140 37. Qxg7+ $1 Nxg7
(37... Rxg7 $4 38. Re8+ Rg8 39. Rxg8+ Kxg8 40. gxh4) 38. gxh4 Nxe6+ 39. Kf3 $18
) 33. Bc3 Ndf6 34. Qd4 Nxg3 35. Nxg3 Rxg3+ 36. Kh1 (36. hxg3 $4 Qxg3+ 37. Kf1
Qg2#) 36... R3g6 37. Qxf6+ $1 Rxf6 38. Re6 {[%csl Gd6]} Kg7 (38... Rgf8 39.
Rxf6 {[%cal Gd6d7]} Qxf6 (39... Rxf6 $2 40. d7 {[%csl Gd7][%cal Gd7d8]}) 40.
Bxf6+ Rxf6 41. d7 $18 {[%csl Rb7][%cal Gd7d8]}) 39. Rxf6 {[%csl Rg7]} Qxf6 40.
Rg1+ $1 Kf7 $140 41. Bxf6 Rxg1+ 42. Kxg1 Kxf6 43. c5 $18) 30... Qh4 {[%csl Rg2]
} 31. fxe5 $6 {After this inaccurate move White will have to fight for
equality.} (31. Nh3 $5 {[%csl Rh4][%cal Gh3g5] +/=/+/-}) 31... Rfg7 $1 {
The important intermediate move.Can him and did not see Evgeny Bareev and
wrongly hoped on:} (31... Nxe5 $2 32. Bc3 $16 {[%csl Re5,Rh8]} Rfg7 $140 $2 33.
Rxe5 $1 dxe5 (33... Rxg3+ $2 34. hxg3 Rxg3+ 35. Kf1 dxe5 (35... Rxf3 $2 36.
Re8#) 36. Bxe5+ $18 {[%csl Rg3,Rh8]}) 34. Bxe5 $18) 32. Rb3 {[%csl Yb3]} ({
Is more interesting alternative:} 32. exd6 Nxg3 {[%csl Rd2,Rg2][%cal Gg3e4]}
33. Bc3 (33. Rbd1 $4 Ne4+ 34. Kf1 Nxd2+ $1 35. Rxd2 $140 Rg1+ 36. Ke2 Re8+ {
[%csl Re1,Re2]}) 33... Ne4+ 34. Kf1 Nxc3 35. Qxc3 Qxh2 $15) (32. Nh1 $2 Nxe5
$17 {[%csl Rc4,Rg2][%cal Gf5f4]}) 32... Nxe5 33. Rxe5 $1 {[] White had no
other alternative:} (33. Qxf5 $2 Nxg3 $1 34. hxg3 Rxg3+ 35. Rxg3 (35. Kf1 Qxc4+
$1 {[%csl Rb3,Rf1][%cal Gg3g1]}) 35... Rxg3+ 36. Kf1 Rf3 $3 {[%csl Rf1,Rf5]}
37. Qxf3 (37. Qc8+ $143 Kg7 38. Qc7+ (38. Be3 $2 Qh1+ 39. Ke2 Rxe3+ 40. Kxe3
Qxe1+ {[%csl Re3,Rf2][%cal Ge1f2,Ye3f2] with mate in 3 moves}) (38. Re2 $2 Qh1#
) 38... Rf7 39. Qxf7+ Kxf7 $19) 37... Nxf3 38. Bc3+ Kg8 (38... Ne5 $5 {[%csl
Rc4]}) 39. Re4 Qg5 {[%csl Rf1,Yf3,Rg4][%cal Yf3h2,Yh2g4]} 40. Ke2 Ng1+ 41. Kd1
h5 $19) (33. Qc3 $2 cxb4 34. axb4 f4 {[%csl Rg2] with decisive attack.}) 33...
dxe5 34. Qxf5 $8 (34. bxc5 $2 Qxc4 {[%csl Rb3]} 35. Rc3 Qa2 {[%csl Rd2]} 36.
Bh6 Nf4+ (36... Rxg3+ $2 37. hxg3 Rxg3+ 38. Qxg3 Nxg3 39. Rxg3 Qxd5+ 40. Kf1
$15) 37. Bxf4 (37. Kf1 Qa1+ 38. Nd1 Rg6 $19) 37... exf4 $19 {[%csl Rd5,Rg2]
[%cal Ga2d5,Gf4g3]}) 34... Qxc4 {[%csl Rb3,Gc4,Rd5][%cal Gc4d5,Gc4b3]} 35. Rf3
(35. Rd3 $2 Nf4+ 36. Bxf4 exf4 37. bxc5 fxg3 38. hxg3 Qxc5 $17) 35... Qxd5 36.
Ne4 $4 {Painful blunder leading to immediate loss.} ({It was necessary:} 36.
Nd3 Nxg3 (36... Qa2 $143 37. Rf2 (37. Qxh5 $2 Qxd2+ 38. Nf2 e4 $19 {[%csl Rg2]
[%cal Ge4f3,Ge4e3,Ge3f2]}) 37... Qxa3 38. Bh6 $1 {[%csl Rg7,Rh5]} (38. Qxh5
$143 Qxd3 39. Qxe5 $15 {[%csl Rg7][%cal Gd2c3,Gd2h6]}) 38... Re7 39. Nxe5 Qb3 {
[%csl Re5,Rg2][%cal Gb3d5]} 40. Nf7+ Rxf7 41. Qxf7 Qxf7 42. Rxf7 cxb4 43. Rxb7
$11) (36... Nf6 $143 37. Qxf6 e4 38. Rf5 Qxd3 (38... Qd4 $2 39. Bc3 {[%csl Rd4,
Rg7,Rh8] /^a1-h8} Qxf6 (39... Qxd3 $4 40. Qxg7+ Rxg7 41. Rf8#) 40. Bxf6 exd3
41. bxc5 $16) 39. Bh6 cxb4 40. Bxg7+ Rxg7 41. Qf8+ Rg8 42. Qf6+ $11) 37. hxg3
Rxg3+ 38. Kf2 Rxf3+ 39. Qxf3 Qxf3+ 40. Kxf3 $15) 36... Rg4 $1 $19 {[%csl Rd2,
Re4]} 37. Qxh5 Rxe4 38. Bh6 Re2+ 39. Kh3 Qe6+ $1 40. Rf5 ({Also loses right
away:} 40. g4 e4 41. Rg3 (41. Rf5 Qb3+ 42. Kh4 Rxh2#) 41... Qf6 {[%csl Rh3]
[%cal Gf6f1,Ge2h2]} 42. g5 Qf1+ 43. Kg4 Rf2 {[%csl Rg4][%cal Gf2f4]} 44. Qh3
Qe2+ 45. Kh4 Rxh2 {[%csl Rh3,Rh4]}) 40... Rf2 {[%csl Rf5,Rh3]} (40... Rf2 {
After this move White resigns, because of this variation:} 41. g4 $8 Qb3+ 42.
Kh4 Rxh2# {[%csl Rh4]}) 0-1